• 首页
  • 本馆介绍
  • 公告通知
  • 最新文献
  • 馆藏检索
  • 电子资源
  • 读者导购
  • 参考咨询
  • 我的图书馆
  • 登录
  • 详细信息显示
  • 放入我的书架
  • 预约/预借图书
  • 作者相关作品
  • 分类相关作品
  • 丛书相关作品
  • 出版社相关作品

书目信息

  • 表格格式
  • 工作单格式
  • 卡片格式
题名:
因明学研究
    
 
作者: 沈剑英
分册:  
出版信息: 上海   东方出版社  1985
页数: 312页
开本: 20cm
丛书名:
单 册:
中图分类: B81-093.51
科图分类:
主题词: DISPLAY逻辑
电子资源:
ISBN: 7-5000-0465-6
000 00507nam0 2200181 450
001 0728815141
005 20070819080015.14
010    @a7-5000-0465-6@d¥15.00
100    @a20070819d km y0chiy0120 ea
101 0  @achi
200 1  @a因明学研究@Ayin ming xue yan jiu@f沈剑英@Fshen jian ying
210    @a上海@c东方出版社@d1985
215    @a312页@d20cm
606 0  @aDISPLAY逻辑
690    @aB81-093.51@v3
701  0 @a沈剑英@Ashen jian ying
801  0 @aCN@bPFT@c20070819
905    @a213230@dB81-093.51@eZW132@f1
    
    因明学研究/沈剑英.-上海:东方出版社,1985
    312页;20cm
    
    
    ISBN 7-5000-0465-6:¥15.00
    
●
相关链接 在E读中查询图书 在五车中查询图书 在当当中查询图书 在豆瓣中查询图书


正题名:因明学研究     索取号:B81-093.51/ZW132         预约/预借

序号 登录号 条形码 馆藏地/架位号 状态 备注
1 7600719   276007198   密集书库-文学院/ [索取号:B81-093.51/ZW132] 在馆    
唐山师范学院图书馆 欢迎您!
大连网信软件有限公司© 版权所有